Mathematical analysis for economists / (Record no. 1476)
[ view plain ]
| 000 -LEADER | |
|---|---|
| fixed length control field | 00485cam a2200157 4500 |
| 001 - CONTROL NUMBER | |
| control field | 1916 |
| 005 - DATE AND TIME OF LATEST TRANSACTION | |
| control field | 20181127164225.0 |
| 008 - FIXED-LENGTH DATA ELEMENTS--GENERAL INFORMATION | |
| fixed length control field | 731207r1964uuuunyua 000 0 eng |
| 010 ## - LIBRARY OF CONGRESS CONTROL NUMBER | |
| LC control number | 66005641 |
| 100 1# - MAIN ENTRY--PERSONAL NAME | |
| Personal name | Allen, R. G. D. |
| Fuller form of name | (Roy George Douglas) |
| 245 10 - TITLE STATEMENT | |
| Title | Mathematical analysis for economists / |
| Statement of responsibility, etc. | R. G. D. Allen. |
| 260 ## - PUBLICATION, DISTRIBUTION, ETC. | |
| Place of publication, distribution, etc. | New York : |
| Name of publisher, distributor, etc. | St. Martin's Press, |
| Date of publication, distribution, etc. | 1964. |
| 300 ## - PHYSICAL DESCRIPTION | |
| Extent | xv, 548 p. : |
| Other physical details | ill. ; |
| Dimensions | 21 cm. |
| 650 #0 - SUBJECT ADDED ENTRY--TOPICAL TERM | |
| Topical term or geographic name entry element | Economics, Mathematical. |
| Topical term or geographic name entry element | Mathematical analysis. |
| Withdrawn status | Lost status | Source of classification or shelving scheme | Damaged status | Not for loan | Collection code | Home library | Current library | Shelving location | Date acquired | Serial Enumeration / chronology | Inventory number | Total Checkouts | Full call number | Barcode | Date last seen | Date last checked out | Price effective from | Koha item type |
|---|---|---|---|---|---|---|---|---|---|---|---|---|---|---|---|---|---|---|
| Dewey Decimal Classification | Main TEST | RTC Library | RTC Library | Main opac | 22/08/2025 | 2119 | 1 | 515.008 ALL | 30003345 | 25/08/2025 | 22/08/2025 | 27/11/2018 | Main |